Limita postupnosti a súčet nekonečného radu - ukážka kvalitatívneho a kvantitatívneho výskumu

Bibliographic Details
Main Author: Gunčaga, Ján, 1974- (Author)
Format: Article
Language:Slovak
PhysicalDescription:Tab.
ISBN:8080506663
Subjects:

MARC

LEADER 00000nab a2200000 a 4500
001 vtls009179732
003 SK-MaSNL
005 20260304154041.0
008 250506c2003 xo |||||||||||000 b|slo
015 |a SNBRA2008/01  |2 snkbucl 
035 |a (uuid)7c32d89f-7cdd-4876-ba77-356532e1fb2e 
035 |a urn:nbn:sk:snk-ab11p3 
035 |a (urnnbn)urn:nbn:sk:snk:ar-004ydg 
038 |a SNKBUCL 
040 |a SNKBUCL  |b slo  |c SNKBUCL  |e AACR2 
041 0 |a slo  |b eng 
044 |a xo  |c SK 
080 |a 371.263:517.52  |2 2001 
080 |a 517.52  |2 2001 
100 1 |a Gunčaga, Ján,  |d 1974-  |4 aut  |9 205318 
245 1 0 |a Limita postupnosti a súčet nekonečného radu - ukážka kvalitatívneho a kvantitatívneho výskumu  |c Ján Gunčaga 
300 |b Tab. 
504 |a Bibliogr. odkazy 
546 |a Res. angl. 
650 0 7 |a postupnosti (matematika)  |2 snkbucl  |9 90613 
650 0 7 |a rady (matematika)  |2 snkbucl  |9 110746 
650 0 7 |a didaktické testy  |2 SNKPH  |9 4108 
773 0 |t Acta mathematica 6  |d Nitra : Fakulta prírodných vied UKF, 2003  |g S. 249-256  |z 8080506663 
850 |a Slovenská národná knižnica 
852 |a Slovenská národná knižnica 
954 |a odborná, vedecká literatúra pôvodná (slovenská)  |2 lita 
958 |a article27 
958 |a NB 
958 |a OND 
958 |a EUIPO 
999 |c 2956068  |d 2957998